| 000 | 00704cam a2200241 4500 | ||
|---|---|---|---|
| 008 | 090401t1995 xxu||||| |||| 00| 0 eng d | ||
| 020 | _a0750618612 | ||
| 035 | _a(Sirsi) u44979 | ||
| 041 | _aeng | ||
| 050 | _a728.5 | ||
| 100 | _aLawson, Fred | ||
| 245 | _aHotels and resorts: planning, design and refurbishment. | ||
| 260 |
_aOxford _bButterwoth Architecture _c1995 |
||
| 300 | _avii,348p. : ill. ; 28cm. | ||
| 350 | _a39.95 | ||
| 490 | _aButterworth Architecture Design and Development Guide | ||
| 650 | _aBUILT ENVIRONMENT-CONSTRUCTION DESIGN | ||
| 650 | _aHOTELS | ||
| 650 | _aINTERIOR DESIGN | ||
| 690 | _aBUILT ENVIRONMENT-CONSTRUCTION DESIGN | ||
| 942 | _n0 | ||
| 948 | _c04/03/1997 | ||
| 999 |
_c91625 _d91625 |
||